Conducta de corderos en engorda intensiva con diferente tamaño de partícula de paja de trigo / (Record no. 166572)
[ view plain ]
| 000 -CABECERA | |
|---|---|
| campo de control de longitud fija | 00910nam a2200289Ia 4500 |
| 001 - NÚMERO DE CONTROL | |
| campo de control | Z_3459 |
| 003 - IDENTIFICADOR DEL NÚMERO DE CONTROL | |
| campo de control | CHAP |
| 008 - DATOS DE LONGITUD FIJA--INFORMACIÓN GENERAL | |
| campo de control de longitud fija | 220113s2000 xx 000 0 und d |
| 010 ## - NÚMERO DE CONTROL DE LA BIBLIOTECA DEL CONGRESO | |
| Número de control de LC | 166572 |
| 040 ## - FUENTE DE LA CATALOGACIÓN | |
| Centro/agencia transcriptor | CHAP |
| 090 ## - LOCALMENTE ASIGNADO TIPO-LC NÚMERO DE CLASIFICACIÓN (OCLC); NÚMERO DE CLASIFICACIÓN LOCAL (RLIN) | |
| Número de clasificación (OCLC) (R) ; Numero de clasificación, CALL (RLIN) (NR) | Tesis C 1494 |
| 100 ## - ENTRADA PRINCIPAL--NOMBRE DE PERSONA | |
| Nombre de persona | Cante Chi, Marco Antonio |
| 9 (RLIN) | 140640 |
| 245 ## - MENCIÓN DE TÍTULO | |
| Título | Conducta de corderos en engorda intensiva con diferente tamaño de partícula de paja de trigo / |
| Mención de responsabilidad, etc. | por Marco Antonio Cante Chi y Elpidio Salinas Ruíz |
| 260 ## - PUBLICACIÓN, DISTRIBUCIÓN, ETC. | |
| Lugar de publicación, distribución, etc. | Chapingo, Méx. : |
| Nombre del editor, distribuidor, etc. | El autor, |
| Fecha de publicación, distribución, etc. | 2000 |
| 300 ## - DESCRIPCIÓN FÍSICA | |
| Extensión | 68 p. ; tablas |
| 502 ## - NOTA DE TESIS | |
| Nota de tesis | Tesis (Ing. Agr. Esp. en Zootecnia) -- UACH. Departamento de Zootecnia |
| 650 ## - PUNTO DE ACCESO ADICIONAL DE MATERIA--TÉRMINO DE MATERIA | |
| Término de materia o nombre geográfico como elemento de entrada | Ganado lanar |
| Subdivisión general | Alimentación |
| 9 (RLIN) | 45153 |
| 650 ## - PUNTO DE ACCESO ADICIONAL DE MATERIA--TÉRMINO DE MATERIA | |
| Término de materia o nombre geográfico como elemento de entrada | Ganado lanar |
| Subdivisión general | Engorda |
| 9 (RLIN) | 45175 |
| 650 ## - PUNTO DE ACCESO ADICIONAL DE MATERIA--TÉRMINO DE MATERIA | |
| Término de materia o nombre geográfico como elemento de entrada | Paja de Trigo |
| 9 (RLIN) | 84778 |
| 700 ## - PUNTO DE ACCESO ADICIONAL--NOMBRE DE PERSONA | |
| Nombre de persona | Salinas Ruíz, Elpidio |
| 9 (RLIN) | 101696 |
| 901 ## - ELEMENTOS DE DATOS A LOCAL LDA (RLIN) | |
| a | TESIS C 1494 |
| 902 ## - ELEMENTOS DE DATOS B LOCAL, LDB (RLIN) | |
| a | M |
| 910 ## - DATOS DE OPCIÓN DEL USUARIO (OCLC) | |
| Datos de opción del usuario | 2000 |
| 942 ## - ELEMENTOS DE PUNTO DE ACCESO ADICIONAL (KOHA) | |
| Tipo de ítem Koha | Tesis_ |
| 942 ## - ELEMENTOS DE PUNTO DE ACCESO ADICIONAL (KOHA) | |
| Tipo de ítem Koha | Tesis_ |
| Estado de retiro | Estado de pérdida | Fuente del sistema de clasificación o colocación | Estado dañado | Restricciones de uso | No para préstamo | Código de colección | Localización permanente | Ubicación/localización actual | Fecha de adquisición | Fuente de adquisición | Total de préstamos | Signatura topográfica completa | Código de barras | Fecha visto por última vez | Número de copia | Precio válido a partir de | Tipo de ítem Koha |
|---|---|---|---|---|---|---|---|---|---|---|---|---|---|---|---|---|---|
| Clasificación Universidad Autónoma de Chapingo | Préstamo interno | Tesis | Zootecnia | Zootecnia | 09/11/2005 | EL autor | Tesis C36 1494 2000 | 5101002398 | 18/01/2022 | Ej.1 | 18/01/2022 | Tesis | |||||
| Clasificación Universidad Autónoma de Chapingo | Préstamo 5 días | Tesis | Zootecnia | Zootecnia | 09/11/2005 | EL autor | Tesis C36 1494 2000 | 5101002399 | 18/01/2022 | Ej.2 | 18/01/2022 | Tesis |
